000 00563nam a2200193Ia 4500
005 20250326141943.0
008 250326s9999 xx 000 0 und d
037 _aTextbook
040 _aFMSL
_beng
_cFMSL
041 _aeng
_2eng
084 _aL:14 M5
_qFMSL
100 _aShortell S M
_9745338
245 0 _aHealth care management: text in organisation theory and behavior
_cShortell S M; Kaluzny A D
250 _a2
260 _aNew York
_bNew York, Johan Wiley
_c1985
300 _a564p
942 _cTB
_hL:14 M5
999 _c1292769
_d1292769